000 00607nam a2200193 4500
001 140068
003 ES-MaACL
005 20230906200010.0
007 t|
008 070214s1997 sp r ||||1| spa d
110 2 _aEquipo Mundo Mejor.
_93495
245 1 0 _aSecularización
_b: riesgo y promesa /
_cEquipo `Mundo Mejor`.
260 _aMadrid :
_bPropaganda Popular Católica,
_c1971 (
_fMarsiega)
300 _a154 p. ;
_c19 cm.
490 1 _aCol. de pastoral aplicada ;
_v74
830 0 _aCol. de pastoral aplicada ;
_v74
_9187165
852 _aES-MaACL
_jC-50564
_bR.80250
999 _c140068
_d140068